Logo

Description automatically generated
विद्यार्जन
 संसाधन केंद्र, भारतीय प्रौद्योगिकी संस्थान इन्दौर
Learning Resource Center, Indian Institute of Technology Indore

ऑनलाइन सार्वजनिक अभिगम प्रसूची
Online Public Access Catalogue (OPAC)

Modern astrodynamics : fundamentals and perturbation methods (Record no. 57257)

MARC details
000 -LEADER
fixed length control field 00546nam a22001937a 4500
005 - DATE AND TIME OF LATEST TRANSACTION
control field 20260624153048.0
008 - FIXED-LENGTH DATA ELEMENTS--GENERAL INFORMATION
fixed length control field 260618b |||||||| |||| 00| 0 eng d
020 ## - INTERNATIONAL STANDARD BOOK NUMBER
International Standard Book Number 9780691044590
Qualifying information hb
020 ## - INTERNATIONAL STANDARD BOOK NUMBER
International Standard Book Number 0691044597
Qualifying information hb
082 ## - DEWEY DECIMAL CLASSIFICATION NUMBER
Classification number 629.411
Item number BON
100 ## - MAIN ENTRY--PERSONAL NAME
Personal name Bond, Victor R.
245 ## - TITLE STATEMENT
Title Modern astrodynamics : fundamentals and perturbation methods
250 ## - EDITION STATEMENT
Edition statement c. 1996
260 ## - PUBLICATION, DISTRIBUTION, ETC.
Place of publication, distribution, etc. New Jersey
Name of publisher, distributor, etc. Princeton University Press
Date of publication, distribution, etc. 1996
300 ## - PHYSICAL DESCRIPTION
Extent xi, 250p. ; 24cm.
653 ## - INDEX TERM--UNCONTROLLED
Uncontrolled term Astrodynamics
700 ## - ADDED ENTRY--PERSONAL NAME
Personal name Allman, Mark C.
942 ## - ADDED ENTRY ELEMENTS (KOHA)
Source of classification or shelving scheme Dewey Decimal Classification
Koha item type Book
Holdings
Withdrawn status Lost status Source of classification or shelving scheme Damaged status Not for loan Home library Current library Shelving location Date acquired Source of acquisition Total Checkouts Full call number Barcode Date last seen Price effective from Koha item type
    Dewey Decimal Classification     LRC, IIT Indore LRC, IIT Indore 2nd Floor - General Stack 18/06/2026 PO_2025-26_PO-124 ,Vendor: International Book Agency, Lucknow ; Inv. No.: IN60/26-27, dt.12.06.2026 ; Price: USD 163.00   629.411 BON 38835 25/06/2026 18/06/2026 Book
Copyright © 2017-2026 Indian Institute of Technology Indore. All Rights Reserved.
Managed & maintained by Learning Resource Center, IIT Indore